Value perception in ultimatum game: a blinded randomized trial

Analýza rozhodovacích cien pomocou dvoch rôznych systémov odmeňovania.

Salvato in:
Dettagli Bibliografici
Autore principale: Fiala, Ján
Altri autori: Starý, Oldřich, Fialová, Martina, Holasová, Adéla, Mejzlíková, Tereza, Bemš, Július
Natura: Capitolo di libro
Lingua:inglese
Soggetti:
Tags: Aggiungi Tag
Nessun Tag, puoi essere il primo ad aggiungerne!!

MARC

LEADER 00000naa a2200000 4500
001 0223795
005 20221019173444.2
041 0 |a eng 
044 |a SK 
245 1 0 |a Value perception in ultimatum game: a blinded randomized trial  |c Ján Fiala, Oldřich Starý, Martina Fialová, Adéla Holasová, Tereza Mejzlíková, Július Bemš 
520 |a Analýza rozhodovacích cien pomocou dvoch rôznych systémov odmeňovania. 
610 2 0 |a teória hier 
610 2 0 |a experimenty 
610 2 0 |a modely ekonometrické 
610 2 0 |a hypotézy 
100 1 |a Fiala, Ján 
700 1 |a Starý, Oldřich 
700 1 |a Fialová, Martina 
700 1 |a Holasová, Adéla 
700 1 |a Mejzlíková, Tereza 
700 1 |a Bemš, Július